Les 3 villes les plus peuplées de chaque région d'Italie - Statistiques

Statistiques générales
  • Ce quiz a été pris 203 fois
  • Le résultat moyen est 25 sur 60
Statistiques - réponses
Group Hint 1 Réponse % Correct
Lombardie 1 406 242 Milan
96%
Latium 2 808 293 Rome
96%
Piémont 857 910 Turin
93%
Vénétie 258 685 Venise
93%
Ligurie 565 752 Gênes
92%
Campanie 948 850 Naples
92%
Toscane 366 927 Florence
91%
Sicile 647 422 Palerme
90%
Pouilles 315 284 Bari
86%
Emilie-Romagne 395 416 Bologne
86%
Sardaigne 151 005 Cagliari
85%
Sicile 296 266 Catane
80%
Vénétie 259 087 Vérone
76%
Emilie-Romagne 200 455 Parme
74%
Vallée d'Aoste 33 916 Aoste
69%
Frioul-Vénétie Julienne 201 613 Trieste
69%
Sicile 227 424 Messine
64%
Vénétie 210 077 Padoue
58%
Emilie-Romagne 189 013 Modène
55%
Trentin-Haut-Adige 120 641 Trente
54%
Frioul-Vénétie Julienne 100 170 Udine
49%
Lombardie 196 340 Brescia
48%
Toscane 157 017 Livourne
47%
Abruzzes 119 862 Pescara
44%
Marches 99 077 Ancône
43%
Ligurie 92 550 La Spezia
43%
Calabre 174 885 Reggio de Calabre
43%
Lombardie 124 840 Monza
41%
Trentin-Haut-Adige 107 843 Bolzano
40%
Campanie 131 556 Salerne
40%
Pouilles 191 050 Tarente
40%
Abruzzes 70 019 L'Aquila
39%
Ombrie 164 880 Pérouse
39%
Sardaigne 125 273 Sassari
34%
Toscane 194 223 Prato
29%
Pouilles 149 673 Foggia
28%
Calabre 87 397 Catanzaro
26%
Latium 127 037 Latina
25%
Basilicate 66 393 Potenza
22%
Ligurie 59 439 Savone
21%
Piémont 103 287 Novare
20%
Ombrie 110 003 Terni
20%
Piémont 92 876 Alexandrie
19%
Basilicate 60 530 Matera
18%
Molise 48 337 Campobasso
17%
Marches 95 152 Pesaro
17%
Molise 21 267 Isernia
10%
Frioul-Vénétie Julienne 51 733 Pordenone
10%
Marches 60 411 Fano
8%
Abruzzes 53 998 Teramo
8%
Campanie 118 576 Giugliano in Campania
7%
Sardaigne 68 283 Quartu Sant'Elena
6%
Basilicate 17 788 Policoro
5%
Molise 33 189 Termoli
5%
Vallée d'Aoste 4 524 Châtillon
4%
Ombrie 55 609 Foligno
4%
Trentin-Haut-Adige 41 008 Merano
4%
Calabre 75 126 Corigliano-Rossano
2%
Latium 87 039 Guidonia Montecelio
2%
Vallée d'Aoste 4 817 Sarre
1%
Aucun quiz correspondant
Distribution des résultats
% des personnes avec chaque résultat
Percentile par nombre de réponses
Votre historique - résultats
Vous n’avez pas pris ce quiz